| 000 | 00523nam a2200145Ia 4500 | ||
|---|---|---|---|
| 008 | 170221s9999 xx 000 0 und d | ||
| 100 | _aAbraham Gyamfi Ababio | ||
| 245 | _aEffect of Advertising on the Brand Loyalty of Cosmetic Products among College Students | ||
| 245 | _cAbraham Gyamfi Ababio, Emmanuel Erastus Yamoah | ||
| 260 | _bInternational Review of Management and Marketing | ||
| 260 | _c2012 | ||
| 300 | _a1 : 4 | ||
| 650 | _xMarketing. | ||
| 856 | _uhttp://www.econjournals.com/index.php/irmm/issue/view/64 | ||
| 999 |
_c313915 _d313915 |
||